000
00277nam a2200121Ia 4500
008
220204s9999 xx 000 0 und d
082
_a
646.2
_b
DAW
100
_a
Dawson, Palm
245
0
_a
Knitting fashion
260
_a
London
_b
B B C
_c
1976
650
_a
Knitting
942
_c
BK
999
_c
36276
_d
36276